| 000 | 01014 a2200181 4500 | ||
|---|---|---|---|
| 003 | Nust | ||
| 005 | 20230320094012.0 | ||
| 020 | _a0070858667 | ||
| 040 | _cNust | ||
| 082 | _a624.1,WAN | ||
| 100 |
_aChu Kia Wang Ph.D _926915 |
||
| 245 |
_aStatically Indeterminate Structures / _cChu Kia Wang Ph.D |
||
| 260 |
_aLondon _bMcGRAW-HILL _c1953 |
||
| 300 | _a 424p | ||
| 505 | _aGeneral Introduction (Page-1), Deflection of Statistically Determinate Beans (Page-7), Deflection of Statically Determinate Trusses (Page-49), Analysis of Statically Intermediate Beams and (Page-72), Analysis of Statically Intermediate Trusses (Page-105), The Three-moments Equation (Page-121), The Slope –deflection Method (Page-137), The Movement-distribution Method (Page-216), The Method of Column Analogy (Page-189), Analysis of Fixed Arches (Page-345), Secondary Stresses in Trusses with Rigid Joints (Page-384) Composite Structure (Page-399). | ||
| 650 |
_aStatically Indeterminate Structures _926916 |
||
| 942 |
_2ddc _cBK |
||
| 999 |
_c194300 _d194300 |
||